[Event "CAN-ch U08"]
[Site "Windsor"]
[Date "2016.07.07"]
[Round "5.130"]
[White "Baweja, Aayan"]
[Black "Taylor, Aiden L"]
[Result "1-0"]
[WhiteElo "473"]
[BlackElo "582"]
[PlyCount "55"]
[EventDate "2016.07.05"]
[EventType "swiss"]
[EventRounds "7"]
[EventCountry "CAN"]
[SourceTitle "EXT 2022"]
[Source "ChessBase"]
[SourceDate "2021.10.06"]
[SourceVersion "1"]
[SourceVersionDate "2021.10.06"]
[SourceQuality "1"]

1. e4 e5 2. Nf3 Nc6 3. Nc3 Nf6 4. g3 Bc5 5. Nxe5 Nxe5 6. d4 Bb6 7. dxe5 Ng8 8. Bg2 f6 9. exf6 Nxf6 10. 0-0 0-0 11. Bg5 d6 12. Nd5 Nxd5 13. Bxd8 Rxd8 14. exd5 Bd7 15. Be4 Ba5 16. Qh5 Kf8 17. Bxh7 Bb5 18. Rfd1 Re8 19. Qf3+ Ke7 20. Bg6 Rf8 21. Qe4+ Kd8 22. Qh4+ Kc8 23. Rd4 Bb6 24. Rf4 Rxf4 25. Qxf4 Kd7 26. Qf7+ Kd8 27. Qf8+ Kd7 28. Bf5# 1-0

[Event "CAN-ch U08"]
[Site "Windsor"]
[Date "2016.07.06"]
[Round "3.128"]
[White "Baweja, Aayan"]
[Black "Mane, Arnav"]
[Result "0-1"]
[WhiteElo "473"]
[BlackElo "675"]
[PlyCount "114"]
[EventDate "2016.07.05"]
[EventType "swiss"]
[EventRounds "7"]
[EventCountry "CAN"]
[SourceTitle "EXT 2022"]
[Source "ChessBase"]
[SourceDate "2021.10.06"]
[SourceVersion "1"]
[SourceVersionDate "2021.10.06"]
[SourceQuality "1"]

1. c4 e5 2. Nc3 c6 3. d3 d5 4. c5 Bxc5 5. g3 Nf6 6. Bg2 d4 7. Na4 Bb4+ 8. Bd2 Bxd2+ 9. Qxd2 Bf5 10. Nf3 e4 11. dxe4 Nxe4 12. Qxd4 Qxd4 13. Nxd4 Bg6 14. 0-0 Nd2 15. Rfd1 Nc4 16. Rac1 Ne5 17. e3 0-0 18. f4 Ng4 19. f5 Bh5 20. h3 Nxe3 21. Re1 Nxg2 22. Kxg2 Nd7 23. g4 Ne5 24. Rxe5 f6 25. Re4 Bf7 26. Ne6 Rae8 27. Nxf8 Rxe4 28. Nd7 Rxa4 29. a3 Rd4 30. Nc5 Rd2+ 31. Kf3 Bd5+ 32. Ke3 Rxb2 33. Re1 Ra2 34. Kd4 Rxa3 35. Nxb7 Rxh3 36. Nd6 h6 37. Re8+ Kh7 38. Kc5 Rh4 39. Re7 Rxg4 40. Ne8 Rc4+ 41. Kd6 h5 42. Rxg7+ Kh6 43. Rf7 Bxf7 44. Nxf6 h4 45. Nd7 h3 46. Ne5 h2 47. Nxc4 h1Q 48. Ne5 Qd5+ 49. Ke7 Qxe5+ 50. Kxf7 Qxf5+ 51. Ke7 Kg7 52. Kd6 Kf8 53. Kxc6 Ke7 54. Kb7 Kd7 55. Kxa7 Qb5 56. Ka8 Kc7 57. Ka7 Qb7# 0-1

[Event "CAN-ch U08"]
[Site "Windsor"]
[Date "2016.07.05"]
[Round "1.129"]
[White "Li, Eric M"]
[Black "Baweja, Aayan"]
[Result "1-0"]
[WhiteElo "947"]
[BlackElo "473"]
[PlyCount "77"]
[EventDate "2016.07.05"]
[EventType "swiss"]
[EventRounds "7"]
[EventCountry "CAN"]
[SourceTitle "EXT 2022"]
[Source "ChessBase"]
[SourceDate "2021.10.06"]
[SourceVersion "1"]
[SourceVersionDate "2021.10.06"]
[SourceQuality "1"]

1. d4 d5 2. c4 Nf6 3. cxd5 Nxd5 4. e4 Nf6 5. Nc3 Nc6 6. Nf3 Bd7 7. Bc4 e6 8. 0-0 Bb4 9. Qc2 0-0 10. Bg5 g6 11. e5 Bxc3 12. Qxc3 Ne4 13. Bxd8 Nxc3 14. Bxc7 Ne4 15. Rfe1 Ng5 16. Nxg5 Nb4 17. Bd6 Rfc8 18. Bxb4 b5 19. Bd3 Rc1 20. Raxc1 a5 21. Bd2 Bc8 22. Bxb5 Bb7 23. b3 Rd8 24. Bxa5 Rxd4 25. a4 Rg4 26. Nh3 Rxg2+ 27. Kf1 Rxh2 28. Ng1 Bg2+ 29. Ke2 Rh1 30. Bb6 Kg7 31. a5 Kg8 32. a6 Kg7 33. a7 Kg8 34. Bc6 Bxc6 35. Rxc6 Kh8 36. a8Q+ Kg7 37. Be3 Rh5 38. Rc8 f5 39. Rc7# 1-0